000 01111nam0a22002411 4500
001 rc\4210329
005 20260406193430.0
021 _aRU
_b[49-21401]
035 _a(NLR Aleph) 008011218
090 _a8701604
_c8701604
100 _a20130415d1949 |||y0rusy50 ca
101 0 _arus
102 _aRU
105 _ay b |||||
200 1 _aВременные нормы и расценки на геодезические, топографические, планировочно-изыскательские и картографические работы, утвержденные Управлением по делам архитектуры при Совете министров Украинской ССР 12/VIII 1948 г.
_fМКХ УССР. Респ. трест "Геотопсъемка"
210 _a[Киев]
_cТип. МКХ
_d1949
215 _a102 с.
_d20
710 0 1 _aУССР
_bУправление по делам архитектуры
_3RU\NLR\AUTH\889956175
_9408471
801 0 _aRU
_bNLR
_gpsbo
801 1 _aRU
_bELAR
_2rusmarc
852 _aNLR
_jГд02 Г-7/39
942 _cBOOK
980 _aNB